Deutschland nach Buchstabe - K - Statistiken

Allgemein
  • Dieses Quiz wurde 96 mal gespielt
  • Das Durchschnittsergebnis liegt bei 13 aus 20
Antwortstatistiken
Hinweis Antwort % Korrekt
Große Domstadt am Rhein, in der man beim Karneval Alaaf ruft Köln
100%
Erster Regierungschef des geeinigten Deutschlands von der CDU Helmut Kohl
98%
Stadt in der Pfalz, in der der FCK auf dem Betzenberg spielt Kaiserslautern
98%
Bodenschatz, der das Ruhrgebiet groß gemacht hat Kohle
94%
Badische Fächerstadt mit Sitz des Verfassungsgerichtes Karlsruhe
90%
Bezeichnung für die deutschen Regierungschefs Kanzler
89%
Nordhessische Residenzstadt mit dem Bergpark Wilhelmshöhe Kassel
83%
In dieser Stadt in RLP fließen Mosel und Rhein zusammen Koblenz
83%
In dieser holsteinischen Hafenstadt führte ein Matrosenaufstand zur Abschaffung der Monarchie in Deutschland Kiel
76%
Stadt zwischen Moers und Neuss am Rhein mit Burg Linn und dem KFC Uerdingen Krefeld
66%
Bedeutender Königsberger Philosoph, bekannt für den Kategorischen Imperativ Immanuel Kant
62%
Ehemalige Reichs- und Fürstabteistadt im Allgäu an der Iller Kempten
55%
Deutscher Biologe, der den Tuberkulose-Bazillus entdecken konnte Robert Koch
53%
Bezeichnung, die Engländer und Amerikaner für deutsche Soldaten im 2. WK verwendet haben Krauts
46%
Kleines Gebirge im Breisach bei Freiburg mit warmen Temperaturen ideal für Weinbau Kaiserstuhl
44%
In diesem thüringischen Gebirge soll der Legende nach Kaiser Barbarossa schlafen Kyffhäuser
39%
Hessischer Fluss durch Gelnhausen, der in Hanau in den Main mündet Kinzig
31%
Fränkische Kaiserdynastie, welche im 8. und 9. Jahrhundert weite Teile Deutschlands regierte Karolinger
26%
Nebenfluss des Neckars durch Aalen, Künzelsau und Schwäbisch Hall in Württemberg Kocher
25%
Region um Mannheim und Heidelberg Kurpfalz
24%
Keine übereinstimmenden Quizze gefunden
Verteilung der Resultate
Anzahl Personen mit jedem Resultat
Perzentil nach korrekt beantworteten Fragen
Ihre Resultats-Entwicklung
Sie haben dieses Quiz noch nicht gespielt